000 00965nam a2200289 c 4500
003 BLK
005 20240226114021.0
008 180409b bul|||||r ||||||| ||bul||
010 _aKNG00130467000
040 _aBLK
041 _aBUL
_cBUL
080 _aБългарска литература
_b821.163.2
_x-1
_z821.163.2-1
100 _aБалджиев, Илия
_9293413
139 _aБалджиев, Илия
_bБ 21
245 1 0 _aАз ида със слънцето
_bСтихотворения
_cИлия Балджиев.
257 _aBGR
260 София
_bНар. култура
_c1962
300 _a48 с.
_c18 см
380 _aX
500 _a1 080 тир.
852 _aЦб І 5539
856 4 _qpdf
_u
856 4 _qpdf
_u
942 _cKNG
_n0
944 _aCR
_c10.05.2012
_lГеновева Генчева
_k30560
944 _aED
_c10.05.2012
_l10.05.2012 - от С1,Р / 10.05.2012
_k
999 _c124799
_d124799